[Event "1. Bundesliga 2010/2011"]
[Site "Graz"]
[Date "2011.01.20"]
[Round "4"]
[Board "2"]
[White "Tuncer, Ufuk"]
[Black "Ribli, Zoltan"]
[Result "1-0"]
[WhiteElo "2289"]
[BlackElo "2577"]
[PlyCount "55"]
[EventDate "2010.11.19"]
[EventType "team"]
[EventRounds "11"]
[EventCountry "AUT"]
[WhiteTeam "ASVOE VHS Poechlarn"]
[BlackTeam "ASVOE Signum Siebdruck St.Veit"]

1.e4 c5 2.Nf3 d6 3.d4 cxd4 4.Nxd4 Nf6 5.Nc3 a6 6.Bg5 e6 7.f4 b5 8.e5 dxe5 9.fxe5
Qc7 10.Qe2 Nfd7 11.O-O-O Nc6 12.Nxc6 Qxc6 13.Ne4 Bb7 14.Nd6+ Bxd6 15.exd6 Rc8
16.Rd2 Nb6 17.Qe5 O-O 18.Be7 Rfe8 19.Bd3 Nd5 20.Be4 Qd7 21.Rf1 f6 22.Qh5 f5
23.Rxf5 g6 24.Rfxd5 exd5 25.Bxd5+ Bxd5 26.Qxd5+ Kg7 27.Qe5+ Kg8 28.Rf2

[Event "1. Bundesliga 2010/2011"]
[Site "Graz"]
[Date "2011.01.20"]
[Round "4"]
[Board "3"]
[White "Hoelzl, Franz"]
[Black "Kostic, Vladimir"]
[Result "1/2-1/2"]
[WhiteElo "2336"]
[BlackElo "2448"]
[PlyCount "139"]
[EventDate "2010.11.19"]
[EventType "team"]
[EventRounds "11"]
[EventCountry "AUT"]
[WhiteTeam "ASVOE Signum Siebdruck St.Veit"]
[BlackTeam "ASVOE VHS Poechlarn"]

1.d4 d5 2.c4 c6 3.Nf3 Nf6 4.e3 e6 5.Bd3 Nbd7 6.O-O dxc4 7.Bxc4 Bd6 8.Nbd2 O-O
9.Be2 Bc7 10.Qc2 Re8 11.Rd1 e5 12.dxe5 Nxe5 13.b3 Qe7 14.Nc4 Nxc4 15.Qxc4 Nd5
16.Bb2 Bf5 17.Qh4 Qxh4 18.Nxh4 Be6 19.Rac1 a5 20.Bc4 Rad8 21.g3 Nb4 22.Bxe6 fxe6
23.a4 Nd3 24.Rb1 Nxb2 25.Rxd8 Rxd8 26.Rxb2 Rd1+ 27.Kg2 Be5 28.Rc2 Rd3 29.Nf3 Bc3
30.Kf1 Bb4 31.Rb2 Rd1+ 32.Ke2 Rh1 33.h4 h6 34.Kd3 Kf7 35.Ke4 Ke7 36.Ne5 Ra1
37.h5 Rd1 38.f4 Bc3 39.Rc2 Bb4 40.g4 Rg1 41.Rc4 Bd6 42.Rd4 Bxe5 43.Kxe5 Rxg4
44.Rd6 Rh4 45.Rxe6+ Kf7 46.Kd6 Rxh5 47.Re7+ Kf6 48.e4 b5 49.Re5 Rh4 50.Rf5+ Kg6
51.Kxc6 bxa4 52.bxa4 h5 53.Rf8 Rh1 54.e5 Rc1+ 55.Kd5 Ra1 56.e6 Rd1+ 57.Kc6 Re1
58.Kd7 Rd1+ 59.Ke7 h4 60.Rh8 Rb1 61.f5+ Kxf5 62.Kf7 g5 63.Ra8 h3 64.Rxa5+ Kf4
65.e7 Re1 66.Ra6 g4 67.Rh6 Kg5 68.Rh8 Rf1+ 69.Kg7 Re1 70.Kf7

[Event "1. Bundesliga 2010/2011"]
[Site "Graz"]
[Date "2011.01.20"]
[Round "4"]
[Board "4"]
[White "Weinzettl, Ernst"]
[Black "Mazi, Leon"]
[Result "1-0"]
[WhiteElo "2330"]
[BlackElo "2368"]
[PlyCount "49"]
[EventDate "2010.11.19"]
[EventType "team"]
[EventRounds "11"]
[EventCountry "AUT"]
[WhiteTeam "ASVOE VHS Poechlarn"]
[BlackTeam "ASVOE Signum Siebdruck St.Veit"]

1.e4 c5 2.Nf3 d6 3.d4 cxd4 4.Nxd4 Nf6 5.Nc3 a6 6.Bg5 e6 7.f4 b5 8.e5 dxe5 9.fxe5
Qc7 10.Qe2 Nfd7 11.O-O-O Bb7 12.Qg4 Qb6 13.Be2 Nxe5 14.Qg3 Nbd7 15.Bf4 b4 16.Na4
Qa5 17.Nb3 Qxa4 18.Bxe5 Rc8 19.Kb1 Be4 20.Rd2 f6 21.Bf4 Bf5 22.Re1 g5 23.Bh5+
Kd8 24.Be3 e5 25.Qf2

[Event "1. Bundesliga 2010/2011"]
[Site "Graz"]
[Date "2011.01.20"]
[Round "4"]
[Board "5"]
[White "Kaspret, Guido"]
[Black "Rumpl, Erwin"]
[Result "1-0"]
[WhiteElo "2291"]
[BlackElo "2326"]
[PlyCount "47"]
[EventDate "2010.11.19"]
[EventType "team"]
[EventRounds "11"]
[EventCountry "AUT"]
[WhiteTeam "ASVOE Signum Siebdruck St.Veit"]
[BlackTeam "ASVOE VHS Poechlarn"]

1.c4 c6 2.Nf3 d5 3.d4 Nf6 4.e3 a6 5.Nbd2 b5 6.b3 Bg4 7.Qc2 e6 8.Bd3 Bxf3 9.Nxf3
Bb4+ 10.Ke2 Be7 11.Ne5 bxc4 12.bxc4 dxc4 13.Qxc4 Qd5 14.Bd2 O-O 15.Qxd5 cxd5
16.Rhc1 Ne4 17.Ba5 Ba3 18.Rc7 f6 19.Nc4 Bd6 20.Nxd6 Nxd6 21.Bb4 Rd8 22.Bxd6 Rxd6
23.Rc8+ Kf7 24.Rb1

[Event "1. Bundesliga 2010/2011"]
[Site "Graz"]
[Date "2011.01.20"]
[Round "4"]
[Board "6"]
[White "Mittermayr, Gerhard"]
[Black "Hebesberger, Thomas"]
[Result "0-1"]
[WhiteElo "2172"]
[BlackElo "2336"]
[PlyCount "30"]
[EventDate "2010.11.19"]
[EventType "team"]
[EventRounds "11"]
[EventCountry "AUT"]
[WhiteTeam "ASVOE VHS Poechlarn"]
[BlackTeam "ASVOE Signum Siebdruck St.Veit"]

1.e4 c5 2.Nf3 Nc6 3.d4 cxd4 4.Nxd4 g6 5.Nc3 Bg7 6.Be3 Nf6 7.Nxc6 bxc6 8.e5 Nd5
9.Nxd5 cxd5 10.Qxd5 Rb8 11.Bxa7 Rxb2 12.Bc4 e6 13.Qc5 Bf8 14.Qd4 Qa5+ 15.c3 Rb7

[Event "1. Bundesliga 2010/2011"]
[Site "Graz"]
[Date "2011.01.20"]
[Round "4"]
[Board "1"]
[White "Rozentalis, Eduardas"]
[Black "Lanka, Zigurds"]
[Result "1/2-1/2"]
[WhiteElo "2592"]
[BlackElo "2477"]
[PlyCount "98"]
[EventDate "2010.11.19"]
[EventType "team"]
[EventRounds "11"]
[EventCountry "AUT"]
[WhiteTeam "SK Hohenems"]
[BlackTeam "Mayrhofen/Zillertal"]

1.e4 c5 2.Nf3 Nc6 3.Bb5 g6 4.O-O Bg7 5.Re1 e5 6.c3 Nge7 7.a3 O-O 8.b4 d6 9.d3 h6
10.Nbd2 a6 11.Bc4 Kh8 12.bxc5 dxc5 13.a4 b6 14.Rb1 Na5 15.Qc2 Qc7 16.Nf1 f5
17.Bd5 Rb8 18.c4 f4 19.h3 Nac6 20.N1h2 Nb4 21.Qe2 Bd7 22.Ng4 Nec6 23.Bb2 Rbe8
24.Bc3 h5 25.Ngh2 Bf6 26.Bxc6 Nxc6 27.Qb2 Rb8 28.h4 a5 29.g3 Bg7 30.Ng5 Nd4
31.Qd2 Rf6 32.Bxd4 cxd4 33.Qa2 Bf8 34.Re2 Bc5 35.Rb5 Rbf8 36.Rc2 Bc6 37.Qb1 Qd7
38.Qd1 fxg3 39.fxg3 Bb4 40.Kg2 Bxb5 41.cxb5 Bc3 42.Qb1 Qg7 43.Nhf3 Re8 44.Qa2
Qe7 45.Qd5 Kg7 46.Rf2 Rd6 47.Qa2 Rf6 48.Qd5 Rd6 49.Qa2 Rf6

[Event "1. Bundesliga 2010/2011"]
[Site "Graz"]
[Date "2011.01.20"]
[Round "4"]
[Board "2"]
[White "Maiwald, Jens-Uwe"]
[Black "Naumann, Alexander"]
[Result "1/2-1/2"]
[WhiteElo "2468"]
[BlackElo "2544"]
[PlyCount "64"]
[EventDate "2010.11.19"]
[EventType "team"]
[EventRounds "11"]
[EventCountry "AUT"]
[WhiteTeam "Mayrhofen/Zillertal"]
[BlackTeam "SK Hohenems"]

1.Nf3 Nf6 2.g3 g6 3.Bg2 Bg7 4.O-O O-O 5.d3 d5 6.c4 dxc4 7.dxc4 c6 8.Qb3 Na6
9.Be3 Ng4 10.Rd1 Qa5 11.Bd4 e5 12.Bc3 Qc5 13.e3 f5 14.Nbd2 e4 15.Bxg7 Kxg7
16.Qc3+ Kg8 17.Nd4 Qb4 18.Qb3 Ne5 19.Bf1 Qxb3 20.N2xb3 c5 21.Nb5 Be6 22.Rac1 Kg7
23.Be2 Kf6 24.Rd6 Ke7 25.Rcd1 Rfd8 26.Rxd8 Rxd8 27.Rxd8 Kxd8 28.Nd2 Nb4 29.a3
Nbc6 30.Kg2 a6 31.Nc3 Ke7 32.h4 Bf7

[Event "1. Bundesliga 2010/2011"]
[Site "Graz"]
[Date "2011.01.20"]
[Round "4"]
[Board "3"]
[White "Atlas, Valery"]
[Black "Hausner, Ivan"]
[Result "1/2-1/2"]
[WhiteElo "2428"]
[BlackElo "2430"]
[PlyCount "93"]
[EventDate "2010.11.19"]
[EventType "team"]
[EventRounds "11"]
[EventCountry "AUT"]
[WhiteTeam "SK Hohenems"]
[BlackTeam "Mayrhofen/Zillertal"]

1.e4 e6 2.d4 d5 3.Nc3 Bb4 4.e5 Qd7 5.Bd2 b6 6.Nce2 Bxd2+ 7.Qxd2 Ba6 8.f4 Ne7
9.Nf3 c5 10.c3 Nbc6 11.Ng3 Bxf1 12.Nxf1 h5 13.Ne3 g6 14.g3 Nf5 15.Nc2 Qe7 16.O-O
Kf8 17.Rf2 Kg7 18.Rg2 Rac8 19.h3 cxd4 20.cxd4 Na5 21.Ne3 Rc6 22.Rf1 Kf8 23.Nxf5
exf5 24.b3 Kg7 25.g4 hxg4 26.hxg4 Qd7 27.e6 Qxe6 28.Re1 Qc8 29.Ne5 Rc7 30.g5 Nc6
31.Nf3 Rh3 32.Kf2 Qh8 33.Rg3 Rc8 34.Rxh3 Qxh3 35.Rc1 Qh8 36.Rc3 Qe8 37.Qc1 Ne7
38.Ne5 Rxc3 39.Qxc3 Qc8 40.Qd2 f6 41.gxf6+ Kxf6 42.Kg3 Kg7 43.Qb4 Qc7 44.Qa4
Qc3+ 45.Kg2 Qd2+ 46.Kf3 Qc3+ 47.Kg2

[Event "1. Bundesliga 2010/2011"]
[Site "Graz"]
[Date "2011.01.20"]
[Round "4"]
[Board "4"]
[White "Platzgummer, Fabian"]
[Black "Froewis, Georg"]
[Result "1-0"]
[WhiteElo "2311"]
[BlackElo "2284"]
[PlyCount "37"]
[EventDate "2010.11.19"]
[EventType "team"]
[EventRounds "11"]
[EventCountry "AUT"]
[WhiteTeam "Mayrhofen/Zillertal"]
[BlackTeam "SK Hohenems"]

1.c4 e6 2.Nf3 d5 3.g3 Nf6 4.Bg2 c6 5.b3 dxc4 6.bxc4 e5 7.Bb2 e4 8.Ng5 Bc5 9.O-O
Bf5 10.Qc2 Bd4 11.Nc3 Qe7 12.Ncxe4 Bxb2 13.Qxb2 Nxe4 14.Nxe4 Bxe4 15.Bxe4 O-O
16.Bf3 Nd7 17.Qxb7 Rab8 18.Qxa7 Qd6 19.d3

[Event "1. Bundesliga 2010/2011"]
[Site "Graz"]
[Date "2011.01.20"]
[Round "4"]
[Board "5"]
[White "Atlas, Dimitry"]
[Black "Tabernig, Bernhard"]
[Result "1/2-1/2"]
[WhiteElo "2325"]
[BlackElo "2300"]
[PlyCount "42"]
[EventDate "2010.11.19"]
[EventType "team"]
[EventRounds "11"]
[EventCountry "AUT"]
[WhiteTeam "SK Hohenems"]
[BlackTeam "Mayrhofen/Zillertal"]

1.e4 e6 2.d4 d5 3.e5 c5 4.c3 Bd7 5.Nf3 Qb6 6.Be2 Bb5 7.c4 dxc4 8.Nc3 Nc6 9.d5
O-O-O 10.O-O Nge7 11.a4 Ba6 12.a5 Nxa5 13.Na4 Qb5 14.Nc3 Qb4 15.d6 Nec6 16.Bd2
Nb3 17.Nd5 Qb5 18.Nc7 Qb6 19.Na8 Qb5 20.Nc7 Qb6 21.Na8 Qb5

[Event "1. Bundesliga 2010/2011"]
[Site "Graz"]
[Date "2011.01.20"]
[Round "4"]
[Board "6"]
[White "Schiestl, Josef"]
[Black "Gaertner, Guntram"]
[Result "0-1"]
[WhiteElo "2138"]
[BlackElo "2332"]
[PlyCount "36"]
[EventDate "2010.11.19"]
[EventType "team"]
[EventRounds "11"]
[EventCountry "AUT"]
[WhiteTeam "Mayrhofen/Zillertal"]
[BlackTeam "SK Hohenems"]

1.e4 c6 2.d4 d5 3.e5 Bf5 4.Be3 e6 5.Nd2 Nd7 6.Be2 c5 7.Nb3 Ne7 8.f4 Be4 9.Nf3
Nf5 10.Bf2 cxd4 11.Nbxd4 Nxd4 12.Bxd4 Rc8 13.c3 Bc5 14.O-O h6 15.Qd2 O-O 16.Bd3
Qb6 17.Kh1 Bxd4 18.Bxe4 Be3

[Event "1. Bundesliga 2010/2011"]
[Site "Graz"]
[Date "2011.01.20"]
[Round "4"]
[Board "1"]
[White "Kurnosov, Igor"]
[Black "Meier, Georg"]
[Result "1/2-1/2"]
[WhiteElo "2653"]
[BlackElo "2669"]
[PlyCount "88"]
[EventDate "2010.11.19"]
[EventType "team"]
[EventRounds "11"]
[EventCountry "AUT"]
[WhiteTeam "SK Sparkasse Fuerstenfeld"]
[BlackTeam "SK Advisory Invest Baden"]

1.e4 e6 2.d4 d5 3.Nc3 dxe4 4.Nxe4 Nd7 5.Nf3 Ngf6 6.Bd3 c5 7.O-O Nxe4 8.Bxe4 Nf6
9.Bg5 cxd4 10.Nxd4 Be7 11.Bf3 O-O 12.Qd3 Qc7 13.Rfe1 Rd8 14.Rad1 a6 15.Qe3 h6
16.Bf4 Bd6 17.Nb3 Bxf4 18.Rxd8+ Qxd8 19.Qxf4 Qb6 20.Qe3 Qc7 21.Qc5 Qxc5 22.Nxc5
Rb8 23.Re3 Kf8 24.Rb3 b5 25.Ra3 Rb6 26.Rc3 b4 27.Rc4 Bd7 28.Nxd7+ Nxd7 29.Rc7
Rd6 30.Kf1 Nb6 31.Ke2 Na4 32.a3 bxa3 33.bxa3 Nb6 34.Bb7 Nd5 35.Rc5 Ke7 36.a4 Rb6
37.Bxd5 Kd6 38.a5 Rb2 39.Rc6+ Kxd5 40.Rc7 Kd6 41.Rxf7 Rxc2+ 42.Kd3 Ra2 43.Rxg7
Rxf2 44.Rg6 Kd5

[Event "1. Bundesliga 2010/2011"]
[Site "Graz"]
[Date "2011.01.20"]
[Round "4"]
[Board "2"]
[White "Socko, Bartosz"]
[Black "Mikhalevski, Victor"]
[Result "1-0"]
[WhiteElo "2660"]
[BlackElo "2584"]
[PlyCount "101"]
[EventDate "2010.11.19"]
[EventType "team"]
[EventRounds "11"]
[EventCountry "AUT"]
[WhiteTeam "SK Advisory Invest Baden"]
[BlackTeam "SK Sparkasse Fuerstenfeld"]

1.e4 e5 2.Nf3 Nc6 3.Bb5 a6 4.Bxc6 dxc6 5.O-O Ne7 6.Nxe5 Qd4 7.Qh5 g6 8.Qg5 Bg7
9.Nd3 f5 10.e5 c5 11.b3 b6 12.Nc3 Bb7 13.Bb2 h6 14.Qe3 O-O-O 15.Ne2 Qe4 16.f3
Qc6 17.Nef4 Nd5 18.Nxd5 Qxd5 19.Nf4 Qc6 20.Bc3 Qe8 21.e6 Bxc3 22.Qxc3 Rd4 23.Qe3
g5 24.Nd3 f4 25.Qe5 Rd5 26.Qg7 Qf8 27.Qc3 Rg8 28.Rae1 Qe7 29.Rf2 a5 30.Rfe2 Rd4
31.Nf2 h5 32.h3 Bc6 33.Re5 Rg6 34.R5e2 Rg8 35.a3 Kb7 36.Re5 g4 37.hxg4 hxg4
38.Nxg4 Qh4 39.e7 Rxg4 40.e8=Q Rxg2+ 41.Kxg2 Bxe8 42.Rxe8 b5 43.b4 axb4 44.axb4
Qg3+ 45.Kf1 Rxb4 46.Qxc5 Qxf3+ 47.Qf2 Qh5 48.R8e5 Qh1+ 49.Ke2 Qh8 50.Qf3+ Kb8
51.Kf1

[Event "1. Bundesliga 2010/2011"]
[Site "Graz"]
[Date "2011.01.20"]
[Round "4"]
[Board "3"]
[White "Hera, Imre"]
[Black "Balogh, Csaba"]
[Result "1/2-1/2"]
[WhiteElo "2565"]
[BlackElo "2601"]
[PlyCount "62"]
[EventDate "2010.11.19"]
[EventType "team"]
[EventRounds "11"]
[EventCountry "AUT"]
[WhiteTeam "SK Sparkasse Fuerstenfeld"]
[BlackTeam "SK Advisory Invest Baden"]

1.d4 d5 2.c4 c6 3.Nc3 dxc4 4.e4 b5 5.a4 b4 6.Na2 Nf6 7.e5 Nd5 8.Bxc4 e6 9.Nf3 a5
10.Bg5 Qb6 11.O-O Ba6 12.Qe2 Nd7 13.Nc1 h6 14.Be3 Bxc4 15.Qxc4 Be7 16.Nb3 O-O
17.Rfc1 Rfc8 18.Rc2 c5 19.Rac1 Qb7 20.Qe2 Nxe3 21.fxe3 Qd5 22.Nfd2 Rd8 23.Nc4
cxd4 24.exd4 f6 25.Ncxa5 fxe5 26.Nc6 Re8 27.Nxe7+ Rxe7 28.Rc8+ Re8 29.Rxe8+ Rxe8
30.Qc4 Qe4 31.h3 Qe3+

[Event "1. Bundesliga 2010/2011"]
[Site "Graz"]
[Date "2011.01.20"]
[Round "4"]
[Board "4"]
[White "Shengelia, David"]
[Black "Rapport, Richard"]
[Result "0-1"]
[WhiteElo "2573"]
[BlackElo "2540"]
[PlyCount "60"]
[EventDate "2010.11.19"]
[EventType "team"]
[EventRounds "11"]
[EventCountry "AUT"]
[WhiteTeam "SK Advisory Invest Baden"]
[BlackTeam "SK Sparkasse Fuerstenfeld"]

1.Nf3 d5 2.e3 Nf6 3.b3 Bf5 4.Bb2 e6 5.d3 Be7 6.Nbd2 O-O 7.Qe2 a5 8.e4 Bg6 9.Ne5
dxe4 10.dxe4 a4 11.O-O-O axb3 12.axb3 Ba3 13.Bxa3 Rxa3 14.Nb1 Qe7 15.f3 Ra1
16.Kb2 Ra5 17.Nc4 Ra7 18.Qe3 Nc6 19.Ne5 Rfa8 20.Nxc6 bxc6 21.Bc4 Nd5 22.Bxd5
cxd5 23.Rhe1 c5 24.Kc1 Ra1 25.exd5 R8a2 26.Re2 Qf6 27.Kd2 Bxc2 28.Qxc5 Bxd1+
29.Ke1 Rxe2+ 30.Kxd1 Rxb1+

[Event "1. Bundesliga 2010/2011"]
[Site "Graz"]
[Date "2011.01.20"]
[Round "4"]
[Board "5"]
[White "Pinter, Jozsef"]
[Black "Turov, Maxim"]
[Result "1-0"]
[WhiteElo "2521"]
[BlackElo "2635"]
[PlyCount "115"]
[EventDate "2010.11.19"]
[EventType "team"]
[EventRounds "11"]
[EventCountry "AUT"]
[WhiteTeam "SK Sparkasse Fuerstenfeld"]
[BlackTeam "SK Advisory Invest Baden"]

1.d4 Nf6 2.c4 e6 3.Nf3 Bb4+ 4.Bd2 a5 5.Nc3 b6 6.Bg5 Bb7 7.e3 a4 8.a3 Bxc3+
9.bxc3 Ra5 10.Bh4 d6 11.Nd2 Nbd7 12.f3 h5 13.Bd3 g5 14.Bf2 h4 15.h3 Nh5 16.Rb1
Qa8 17.Qc2 Ke7 18.Kd1 Bc6 19.Re1 Bb7 20.Rb4 Bc6 21.Kc1 Bb7 22.Kb1 Bc6 23.Ka1 Qg8
24.Bf1 Qh7 25.Bd3 Qg8 26.Reb1 Qa8 27.Qd1 Bb7 28.Be2 Bc6 29.R4b2 Qg8 30.Bf1 Qg6
31.Rb4 Qh7 32.Be2 Qg6 33.Nf1 Qh7 34.Bd3 Qg8 35.Bc2 Qa8 36.Bg1 Ra7 37.Qd2 Ra5
38.Bh2 Qg8 39.e4 Nf4 40.Ne3 Qg7 41.Ng4 Nh5 42.e5 dxe5 43.d5 exd5 44.Ne3 Kd8
45.cxd5 Bb7 46.d6 Qf6 47.dxc7+ Kxc7 48.Rc4+ Nc5 49.Ng4 Rd8 50.Qe1 Qe6 51.Qxe5+
Qxe5 52.Bxe5+ Kd7 53.Rxb6 Bd5 54.Rd4 Ke7 55.Nf6 Nb3+ 56.Bxb3 Bxb3 57.Rxd8 Kxd8
58.Rb8+

[Event "1. Bundesliga 2010/2011"]
[Site "Graz"]
[Date "2011.01.20"]
[Round "4"]
[Board "6"]
[White "Baumegger, Siegfried"]
[Black "Kilgus, Georg"]
[Result "1-0"]
[WhiteElo "2398"]
[BlackElo "2375"]
[PlyCount "91"]
[EventDate "2010.11.19"]
[EventType "team"]
[EventRounds "11"]
[EventCountry "AUT"]
[WhiteTeam "SK Advisory Invest Baden"]
[BlackTeam "SK Sparkasse Fuerstenfeld"]

1.Nf3 d5 2.c4 dxc4 3.e3 Nf6 4.Bxc4 e6 5.O-O c5 6.b3 Nc6 7.Bb2 Be7 8.d4 cxd4
9.Nxd4 Nxd4 10.Bxd4 Bd7 11.Nd2 O-O 12.Qb1 Bc6 13.Rd1 Qa5 14.Bf1 Qg5 15.Qb2 Ng4
16.Nc4 f6 17.b4 Rfd8 18.Rac1 e5 19.Bc5 Rxd1 20.Rxd1 Bxc5 21.bxc5 Nxh2 22.Nxe5
Qxe5 23.Qxe5 Nf3+ 24.gxf3 fxe5 25.Kg2 Kf8 26.Rd6 Ke7 27.Bc4 Rf8 28.Re6+ Kd7
29.Rxe5 Bxf3+ 30.Kg3 Bc6 31.Be6+ Kc7 32.Bd5 Bxd5 33.Rxd5 Rd8 34.Re5 Rd7 35.e4
Kc6 36.f4 Kb5 37.Kg4 Kb4 38.f5 Kc4 39.Kf4 Rf7 40.Re8 Kxc5 41.e5 Rc7 42.Kg5 Kd5
43.f6 gxf6+ 44.Kxf6 Rc6+ 45.e6 Rd6 46.Kf5

[Event "1. Bundesliga 2010/2011"]
[Site "Graz"]
[Date "2011.01.21"]
[Round "5"]
[Board "1"]
[White "Meier, Georg"]
[Black "Volokitin, Andrei"]
[Result "0-1"]
[WhiteElo "2669"]
[BlackElo "2677"]
[PlyCount "92"]
[EventDate "2010.11.19"]
[EventType "team"]
[EventRounds "11"]
[EventCountry "AUT"]
[WhiteTeam "SK Advisory Invest Baden"]
[BlackTeam "SK Sparkasse Jenbach"]

1.Nf3 d5 2.d4 Nf6 3.c4 e6 4.g3 Bb4+ 5.Bd2 Be7 6.Bg2 c6 7.O-O Nbd7 8.Qc2 O-O
9.Rd1 b6 10.Bf4 Bb7 11.Ne5 Nh5 12.Bc1 Nhf6 13.Nc3 Nxe5 14.dxe5 Ng4 15.cxd5 cxd5
16.Qa4 Nxe5 17.e4 Bc6 18.Qb3 d4 19.Nb5 Bxb5 20.Qxb5 Bc5 21.Bf4 a6 22.Qb3 Ng6
23.Bd2 e5 24.Rac1 Ne7 25.a3 a5 26.h4 a4 27.Qf3 Nc8 28.Qg4 Ra7 29.f4 exf4 30.Bxf4
Ne7 31.h5 f5 32.Qh3 Qd7 33.Kh2 fxe4 34.Bxe4 Nd5 35.Qxd7 Rxd7 36.Bd2 Rf2+ 37.Kg1
Rff7 38.Kg2 Rfe7 39.Bc2 Ne3+ 40.Bxe3 dxe3 41.Bxa4 Rd2+ 42.Rxd2 exd2 43.Rf1 Re2+
44.Kh3 g5 45.Rf5 g4+ 46.Kxg4 Re4+

[Event "1. Bundesliga 2010/2011"]
[Site "Graz"]
[Date "2011.01.21"]
[Round "5"]
[Board "2"]
[White "Gyimesi, Zoltan"]
[Black "Socko, Bartosz"]
[Result "1/2-1/2"]
[WhiteElo "2601"]
[BlackElo "2660"]
[PlyCount "62"]
[EventDate "2010.11.19"]
[EventType "team"]
[EventRounds "11"]
[EventCountry "AUT"]
[WhiteTeam "SK Sparkasse Jenbach"]
[BlackTeam "SK Advisory Invest Baden"]

1.d4 d5 2.Nf3 Nf6 3.c4 e6 4.Bg5 h6 5.Bxf6 Qxf6 6.Nc3 Qd8 7.Qb3 dxc4 8.Qxc4 Be7
9.g3 a6 10.Bg2 b5 11.Qd3 Bb7 12.O-O c5 13.Rfd1 cxd4 14.Nxd4 Bxg2 15.Kxg2 Qb6
16.a4 bxa4 17.Qf3 Ra7 18.Nxa4 Qb7 19.Rdc1 Qxf3+ 20.Kxf3 O-O 21.Nc5 Bxc5 22.Rxc5
Rb7 23.Rc2 Rd8 24.e3 Rd6 25.Ra5 Rdb6 26.b3 Nd7 27.Kg2 Kh7 28.Rca2 Nb8 29.Rc2 Nd7
30.Rca2 Nb8 31.Rc2 Nd7

[Event "1. Bundesliga 2010/2011"]
[Site "Graz"]
[Date "2011.01.21"]
[Round "5"]
[Board "3"]
[White "Balogh, Csaba"]
[Black "Schlosser, Philipp"]
[Result "1/2-1/2"]
[WhiteElo "2601"]
[BlackElo "2568"]
[PlyCount "71"]
[EventDate "2010.11.19"]
[EventType "team"]
[EventRounds "11"]
[EventCountry "AUT"]
[WhiteTeam "SK Advisory Invest Baden"]
[BlackTeam "SK Sparkasse Jenbach"]

1.e4 e5 2.Nf3 Nc6 3.Bb5 a6 4.Ba4 Nf6 5.O-O Be7 6.Re1 b5 7.Bb3 d6 8.c3 O-O 9.h3
Nb8 10.d4 Nbd7 11.Nbd2 Bb7 12.Bc2 Re8 13.Nf1 Bf8 14.Ng3 c6 15.Be3 Qc7 16.Nd2 g6
17.f4 Bg7 18.Qf3 exd4 19.cxd4 c5 20.d5 Nb6 21.Bf2 Nfd7 22.Rab1 a5 23.b3 a4
24.Bd3 axb3 25.axb3 Ra2 26.Ngf1 Ba6 27.Rec1 c4 28.bxc4 bxc4 29.Nxc4 Nxc4 30.Bxc4
Bxc4 31.Rb4 Rxf2 32.Qxf2 Rxe4 33.Kh1 Bh6 34.Qc2 Rxf4 35.Rxc4 Qa5 36.Rxf4

[Event "1. Bundesliga 2010/2011"]
[Site "Graz"]
[Date "2011.01.21"]
[Round "5"]
[Board "4"]
[White "Acs, Peter"]
[Black "Shengelia, David"]
[Result "1-0"]
[WhiteElo "2601"]
[BlackElo "2573"]
[PlyCount "75"]
[EventDate "2010.11.19"]
[EventType "team"]
[EventRounds "11"]
[EventCountry "AUT"]
[WhiteTeam "SK Sparkasse Jenbach"]
[BlackTeam "SK Advisory Invest Baden"]

1.e4 c5 2.Nf3 d6 3.d4 cxd4 4.Nxd4 Nf6 5.Nc3 Nc6 6.Bg5 e6 7.Qd2 Be7 8.O-O-O Nxd4
9.Qxd4 a6 10.f4 b5 11.Bxf6 gxf6 12.f5 Qa5 13.fxe6 fxe6 14.Kb1 b4 15.Ne2 e5
16.Qc4 Qc5 17.Ng3 Bg4 18.Rd2 a5 19.Qxc5 dxc5 20.Bc4 Rd8 21.Rf2 h5 22.Re1 Rd4
23.Bd5 Kd7 24.c3 bxc3 25.bxc3 Rb8+ 26.Kc2 Ra4 27.Rb1 Rxb1 28.Kxb1 Be6 29.Bxe6+
Kxe6 30.Re2 h4 31.Nf5 h3 32.g4 Bf8 33.Kb2 c4 34.Re3 Ra3 35.Rxh3 Bb4 36.Rg3 Bc5
37.h4 Kd7 38.h5

[Event "1. Bundesliga 2010/2011"]
[Site "Graz"]
[Date "2011.01.21"]
[Round "5"]
[Board "5"]
[White "Turov, Maxim"]
[Black "Boensch, Uwe"]
[Result "1-0"]
[WhiteElo "2635"]
[BlackElo "2520"]
[PlyCount "99"]
[EventDate "2010.11.19"]
[EventType "team"]
[EventRounds "11"]
[EventCountry "AUT"]
[WhiteTeam "SK Advisory Invest Baden"]
[BlackTeam "SK Sparkasse Jenbach"]

1.d4 Nf6 2.c4 e6 3.Nc3 d5 4.cxd5 exd5 5.Bg5 Be7 6.e3 c6 7.Qc2 Nbd7 8.Bd3 Nh5
9.Bxe7 Qxe7 10.O-O-O g6 11.Nf3 Nhf6 12.Kb1 Nb6 13.Rc1 Be6 14.h3 Nfd7 15.Nd2 O-O
16.f4 Nc4 17.Bxc4 dxc4 18.e4 f5 19.d5 cxd5 20.exd5 Bf7 21.Nxc4 Rac8 22.Rhe1 Qb4
23.Ne5 Nb6 24.g3 Nc4 25.Ka1 Nd6 26.Qb3 a5 27.Rcd1 Rfd8 28.Re3 Qc5 29.Rde1 b5
30.Nxf7 Kxf7 31.Re7+ Kg8 32.a4 b4 33.Nb5 Nxb5 34.d6+ Qc4 35.Qxc4+ Rxc4 36.d7 Nc7
37.Re8+ Nxe8 38.Rxe8+ Kg7 39.Rxd8 Rd4 40.Ka2 Rd3 41.Ra8 Rxd7 42.Rxa5 Rd3 43.Rb5
Rxg3 44.a5 Re3 45.a6 Re6 46.Ra5 Re8 47.a7 Ra8 48.Kb3 g5 49.fxg5 Kg6 50.Kxb4

[Event "1. Bundesliga 2010/2011"]
[Site "Graz"]
[Date "2011.01.21"]
[Round "5"]
[Board "6"]
[White "Lehner, Oliver"]
[Black "Baumegger, Siegfried"]
[Result "1/2-1/2"]
[WhiteElo "2431"]
[BlackElo "2398"]
[PlyCount "114"]
[EventDate "2010.11.19"]
[EventType "team"]
[EventRounds "11"]
[EventCountry "AUT"]
[WhiteTeam "SK Sparkasse Jenbach"]
[BlackTeam "SK Advisory Invest Baden"]

1.c4 e6 2.Nc3 d5 3.d4 Be7 4.Nf3 Nf6 5.Bg5 h6 6.Bh4 O-O 7.e3 b6 8.Be2 Bb7 9.O-O
Nbd7 10.Bg3 c5 11.cxd5 Nxd5 12.Rc1 Nxc3 13.bxc3 Nf6 14.Ne5 Ne4 15.Qa4 Nxg3
16.hxg3 Qc7 17.Ba6 Rac8 18.Bxb7 Qxb7 19.Rb1 Rc7 20.Qb5 Rfc8 21.a4 cxd4 22.cxd4
Qe4 23.a5 bxa5 24.Qxa5 Bd6 25.Nf3 Rc2 26.Qxa7 Ra8 27.Qb7 Qxb7 28.Rxb7 Raa2
29.Ne1 Rd2 30.Rd7 Bb4 31.Nf3 Rdc2 32.Ne5 f6 33.Nd3 Bd2 34.Nf4 e5 35.dxe5 fxe5
36.Nh5 Bxe3 37.Rxg7+ Kh8 38.Rf7 Kg8 39.Rg7+ Kh8 40.Re7 Rxf2 41.Rxf2 Rxf2 42.Kh2
Bd4 43.g4 Kg8 44.Kg3 Rf1 45.Rd7 Kf8 46.Kh3 Rh1+ 47.Kg3 Rf1 48.Kh3 Bf2 49.g3 Be3
50.Ng7 e4 51.Nf5 Bg5 52.Kg2 Ra1 53.Rd4 Ra2+ 54.Kf1 e3 55.Re4 Ra1+ 56.Ke2 Ra2+
57.Kf1 Ra1+

[Event "1. Bundesliga 2010/2011"]
[Site "Graz"]
[Date "2011.01.21"]
[Round "5"]
[Board "1"]
[White "Lanka, Zigurds"]
[Black "Kurnosov, Igor"]
[Result "0-1"]
[WhiteElo "2477"]
[BlackElo "2653"]
[PlyCount "64"]
[EventDate "2010.11.19"]
[EventType "team"]
[EventRounds "11"]
[EventCountry "AUT"]
[WhiteTeam "Mayrhofen/Zillertal"]
[BlackTeam "SK Sparkasse Fuerstenfeld"]

1.e4 c5 2.Nf3 d6 3.d4 cxd4 4.Nxd4 Nf6 5.Nc3 a6 6.Be3 e6 7.Be2 Nbd7 8.g4 h6 9.Qd2
b5 10.a3 Bb7 11.f3 Rc8 12.O-O-O d5 13.exd5 Nxd5 14.Nxd5 Bxd5 15.Kb1 Bc5 16.h4
O-O 17.Rhg1 Ne5 18.Rg3 Qxh4 19.Qe1 Rfd8 20.Qg1 Nc6 21.Nf5 exf5 22.Bxc5 f4 23.Rg2
Ne5 24.Bb6 Rd7 25.g5 Bxf3 26.Rxd7 Bxg2 27.Qxg2 Nxd7 28.Ba5 Qxg5 29.Qh3 Re8
30.Bf3 Ne5 31.Bd5 Nc4 32.Qd7 Qe7

[Event "1. Bundesliga 2010/2011"]
[Site "Graz"]
[Date "2011.01.21"]
[Round "5"]
[Board "2"]
[White "Mikhalevski, Victor"]
[Black "Maiwald, Jens-Uwe"]
[Result "1/2-1/2"]
[WhiteElo "2584"]
[BlackElo "2468"]
[PlyCount "59"]
[EventDate "2010.11.19"]
[EventType "team"]
[EventRounds "11"]
[EventCountry "AUT"]
[WhiteTeam "SK Sparkasse Fuerstenfeld"]
[BlackTeam "Mayrhofen/Zillertal"]

1.d4 g6 2.c4 Bg7 3.Nf3 c5 4.d5 d6 5.e4 Nf6 6.Nc3 O-O 7.h3 e6 8.Bd3 exd5 9.exd5
Qe7+ 10.Be3 Bh6 11.Qe2 Bxe3 12.Qxe3 Qxe3+ 13.fxe3 a6 14.a4 Re8 15.Kd2 Nbd7
16.Rhf1 Re7 17.Rf2 Ne8 18.Raf1 b6 19.h4 Ra7 20.h5 Ndf6 21.hxg6 hxg6 22.Nh2 Kg7
23.Rf4 Re5 24.Nf3 Rh5 25.Rh4 Rxh4 26.Nxh4 Re7 27.Nf3 Ng4 28.e4 Nef6 29.Rb1 a5
30.Rf1